Wilhelm von Humbold und die Humanitätsidee ...

Hlavní autor: Spranger, Eduard, 1882-1963
Jazyk: Němčina
Vydáno: Berlin : Reutner & Reichard, 1909
Fyzický popis: X, 506 s. ; 4°
Knihy
Uloženo v:
LEADER 00829nam a22002657a 4500
001 mzk03001018828
003 CZ BrMZK
005 20060323160037.0
007 ta
008 040624s1909 gw fr|||||00| ||gerod
040 |a BOA001  |b cze  |c BOA001 
072 7 |a 095/096  |x Vzácná díla  |2 Konspekt  |9 12 
100 1 |a Spranger, Eduard,  |d 1882-1963  |7 jo2002113592  |4 aut 
245 1 0 |a Wilhelm von Humbold und die Humanitätsidee ... 
260 |a Berlin :  |b Reutner & Reichard,  |c 1909 
300 |a X, 506 s. ;  |c 4° 
910 |a BOA001  |b BKB-0000.409 
978 |b Reichard  |a Berlin  |c 1909 
978 |b Reuther  |a Berlin  |c 1909 
984 |a Berlín  |b Německo 
985 |a 1901-1950 
990 |a BK 
993 |a Y 
991 |k mzk 
996 6 |b 2610416760  |c BKB-0000.409  |l stud. ST  |r Sklad / do násl. otevíracího dne  |n 0  |w 001018828  |u 000010  |a 1  |e BOA001  |s P